Riadenie laboratórneho chemického reaktora

Enregistré dans:
Détails bibliographiques
Auteur principal: Pačesa, Ján
Format: Livre
Langue:slovaque
Publié: Bratislava STU FCHPT 2011
Accès en ligne:Voir à l'OPAC
Tags: Ajouter un tag
Pas de tags, Soyez le premier à ajouter un tag!

MARC

LEADER 00000nam a2200000 a 4500
005 20260127134323.0
008 110908 2011 xo 000 0 slo d
035 |a vtls010309664 
039 9 |y 201109080917  |z mschk03 
040 |a STUSCHK1  |b slo  |c STUSCHK1  |e AACR2 
100 1 |a Pačesa, Ján 
245 1 |a Riadenie laboratórneho chemického reaktora  |c Ján Malinič 
260 |a Bratislava  |b STU FCHPT  |c 2011 
300 |a 44 s.  |b il.  |c 30 cm 
500 |a Obháj.: 11.7. 2011 
500 |a Študijný program: automatizácia, informatizácia a manažment v chémii a potravinárstve 
500 |a Študijný odbor: 5.2.14 automatizácia, 5.2.52 priemyselné inžinierstvo 
500 |a Bakalárska práca 
500 |a FCHPT, Oddelenie informatizácie a riadenia procesov 
500 |a Evidenčné číslo: 5415-58721 
910 |a SCHK95 
999 |c 9737  |d 9737